<Der> unstete Nachbar Frankreich, die deutsche Ostpolitik und die Berliner Vier-Mächte-Verhandlungen 1969-1974
Salvato in:
| Autore principale: | |
|---|---|
| Natura: | Libro |
| Lingua: | tedesco |
| Pubblicazione: |
München
Oldenbourg
1990
|
| Edizione: | 1. Aufl. |
| Serie: | Schriftenreihe der Vierteljahrshefte fůr Zeitgeschichte
Bd.60 |
| Soggetti: | |
| Tags: |
Nessun Tag, puoi essere il primo ad aggiungerne!!
|
MARC
| LEADER | 00000nam a2200000 4500 | ||
|---|---|---|---|
| 001 | c003870 | ||
| 005 | 20221215125453.4 | ||
| 020 | |a 3-486-64560-9 | ||
| 041 | 0 | |a ger | |
| 044 | |a DE | ||
| 245 | 1 | 0 | |a <Der> unstete Nachbar |b Frankreich, die deutsche Ostpolitik und die Berliner Vier-Mächte-Verhandlungen 1969-1974 |c Andreas Wilkens |
| 250 | |a 1. Aufl. | ||
| 264 | 1 | |a München |b Oldenbourg |c 1990 | |
| 300 | |a 213 s. | ||
| 490 | 1 | |a Schriftenreihe der Vierteljahrshefte fůr Zeitgeschichte |v Bd.60 | |
| 830 | 0 | |a Schriftenreihe der Vierteljahrshefte fůr Zeitgeschichte |v Bd.60 | |
| 610 | 2 | 0 | |a politika |
| 610 | 2 | 0 | |a Nemecko |
| 610 | 2 | 0 | |a Francúzsko |
| 610 | 2 | 0 | |a východná Európa |
| 610 | 2 | 0 | |a Berlín |
| 610 | 2 | 0 | |a konferencie |
| 610 | 2 | 0 | |a 1969-1974 |
| 610 | 2 | 0 | |a politika medzinárodná |
| 100 | 1 | |a Wilkens, Andreas | |